MARC details
| 000 -LEADER |
| fixed length control field |
01333nam a2200397M 4500 |
| 001 - CONTROL NUMBER |
| control field |
on1151256816 |
| 003 - CONTROL NUMBER IDENTIFIER |
| control field |
OCoLC |
| 005 - DATE AND TIME OF LATEST TRANSACTION |
| control field |
20220819130419.0 |
| 006 - FIXED-LENGTH DATA ELEMENTS--ADDITIONAL MATERIAL CHARACTERISTICS |
| fixed length control field |
m o d | |
| 007 - PHYSICAL DESCRIPTION FIXED FIELD--GENERAL INFORMATION |
| fixed length control field |
cr ||||||||||| |
| 008 - FIXED-LENGTH DATA ELEMENTS--GENERAL INFORMATION |
| fixed length control field |
690227s1967 ilua o 001 0 eng d |
| 010 ## - LIBRARY OF CONGRESS CONTROL NUMBER |
| Canceled/invalid LC control number |
71001546 |
| 020 ## - INTERNATIONAL STANDARD BOOK NUMBER |
| Canceled/invalid ISBN |
0835604098 |
| 020 ## - INTERNATIONAL STANDARD BOOK NUMBER |
| Canceled/invalid ISBN |
9780835604093 |
| 035 ## - SYSTEM CONTROL NUMBER |
| System control number |
(OCoLC)1151256816 |
| 040 ## - CATALOGING SOURCE |
| Original cataloging agency |
INARC |
| Language of cataloging |
eng |
| Transcribing agency |
INARC |
| Modifying agency |
OCLCO |
| 050 14 - LIBRARY OF CONGRESS CALL NUMBER |
| Classification number |
BP565 |
| Item number |
.P4 1967 |
| 100 1# - MAIN ENTRY--PERSONAL NAME |
| Personal name |
Pearson, E. Norman. |
| 9 (RLIN) |
7207 |
| 245 10 - TITLE STATEMENT |
| Title |
Space, time, and self, |
| Statement of responsibility, etc. |
by E. Norman Pearson. |
| 250 ## - EDITION STATEMENT |
| Edition statement |
[Rev. ed.]. |
| 260 ## - PUBLICATION, DISTRIBUTION, ETC. |
| Place of publication, distribution, etc. |
Wheaton, Ill., |
| Name of publisher, distributor, etc. |
Theosophical Pub. House |
| Date of publication, distribution, etc. |
[1967] |
| 300 ## - PHYSICAL DESCRIPTION |
| Extent |
1 online resource (xi, 288 pages |
| Other physical details |
illustrations). |
| 336 ## - CONTENT TYPE |
| Content type term |
text |
| Content type code |
txt |
| Source |
rdacontent |
| 337 ## - MEDIA TYPE |
| Media type term |
unmediated |
| Media type code |
n |
| Source |
rdamedia |
| 338 ## - CARRIER TYPE |
| Carrier type term |
volume |
| Carrier type code |
nc |
| Source |
rdacarrier |
| 490 1# - SERIES STATEMENT |
| Series statement |
A Quest book |
| 650 #0 - SUBJECT ADDED ENTRY--TOPICAL TERM |
| Topical term or geographic name entry element |
Theosophy. |
| 9 (RLIN) |
7208 |
| 650 #6 - SUBJECT ADDED ENTRY--TOPICAL TERM |
| Topical term or geographic name entry element |
Th�eosophie. |
| 9 (RLIN) |
7209 |
| 650 #7 - SUBJECT ADDED ENTRY--TOPICAL TERM |
| Topical term or geographic name entry element |
theosophy. |
| Source of heading or term |
aat |
| 9 (RLIN) |
7210 |
| 650 #7 - SUBJECT ADDED ENTRY--TOPICAL TERM |
| Topical term or geographic name entry element |
Theosophy. |
| Source of heading or term |
fast |
| Authority record control number or standard number |
(OCoLC)fst01149675 |
| 9 (RLIN) |
7208 |
| 830 #0 - SERIES ADDED ENTRY--UNIFORM TITLE |
| Uniform title |
Quest book. |
| 9 (RLIN) |
7211 |
| 856 40 - ELECTRONIC LOCATION AND ACCESS |
| Uniform Resource Identifier |
<a href="https://archive.org/details/spacetimeself0000pear">https://archive.org/details/spacetimeself0000pear</a> |
| Public note |
Free eBook from the Internet Archive |
| 856 40 - ELECTRONIC LOCATION AND ACCESS |
| Uniform Resource Identifier |
<a href="https://openlibrary.org/books/OL5750849M">https://openlibrary.org/books/OL5750849M</a> |
| Public note |
Additional information and access via Open Library |
| 942 ## - ADDED ENTRY ELEMENTS (KOHA) |
| Source of classification or shelving scheme |
Library of Congress Classification |
| Koha item type |
Books |
| 948 ## - LOCAL PROCESSING INFORMATION (OCLC); SERIES PART DESIGNATOR (RLIN) |
| h (OCLC) |
NO HOLDINGS IN GHUCC - 9 OTHER HOLDINGS |